Presidentes del gobierno de España asesinados - Estadísticas

Estadísticas generales
  • Esta prueba ha sido intentada 1.211 veces
  • La puntuación promedio es 3 de 5
Estadísticas de respuestas
Fecha del asesinato Presidente % Correcto
1973 Luis Carrero Blanco
88%
1897 Antonio Cánovas del Castillo
61%
1870 Juan Prim
55%
1912 José Canalejas
33%
1921 Eduardo Dato
32%
No se encontraron pruebas coincidentes
Distribución de puntuación
Porcentaje de gente con cada puntuación
Porcentaje por número respondido
Historial de tus puntuaciones
No has intentado esta prueba.